01035nas a2200229Ia 4500001001100000003000900011008004100020040001300061040001300074041001300087100004300100210003000143222003000173245012400203250001100327260003000338501008600368300002000454362003500474500026000509650003600769R031/43900IT-RoPAU151124c99999999xx |||||||||||| ||und|| aIT-RoPAU cIT-RoPAU aITALIANO aArosio MariogCodice Aut. SPICS: 9786 aRIVISTA DEL CINEMATOGRAFO aRivista Del Cinematografo aRIVISTA DEL CINEMATOGRAFO, ANNO 48-N.11 (NOVEMBRE 1975)bCinema Arabo E Africano-3-Strutture Economiche E Organizzative a1a ed. aROMAbCITTA' ETERNAc1975 bPaulus - SPICS - Società San Paolo EM (non-commercial uses only)cCopyright2015 a15 p. [477-491] aANNO 048, N.11 (NOVEMBRE 1975) aDossier Sul Cinema Arabo e Africano. Documenti Sulle Strutture Economiche di Alcuni Paesi Arabi e Africani. Ruolo del Monopolio per L'Importazione e la Distribuzione dei Film in Tunisia. Problemi della Produzione e Distribuzione nel Senegal, nel Dahomey.  aCINEMAvPUBBLICAZIONE PERIODICA